Wird geladen...
Rajarishi tr Kannanbra Kujuunni nair. /
| 1. Verfasser: | |
|---|---|
| Sprache: | Undetermined |
| Veröffentlicht: |
1950.
|
| LEADER | 00396nam a2200121Ia 4500 | ||
|---|---|---|---|
| 001 | 53286 | ||
| 008 | 170722s9999 xx 000 0 und d | ||
| 100 | |a Tagore, Rebindranath | ||
| 245 | |a Rajarishi tr Kannanbra Kujuunni nair. / | ||
| 260 | |c 1950. | ||
| 942 | |c GEN | ||
| 999 | |c 40001 |d 40001 | ||
| 952 | |0 0 |1 0 |4 0 |6 O_1573M61R_32J0_KR |7 0 |9 54088 |a LIB |b LIB |d 2017-08-12 |o O157,3M61,R 32J0 (KR) |p 37862 |r 2017-08-12 |w 2017-08-12 |y GEN | ||